Дело по указу Правительствующего Сената о доставлении заключения по рапорту Таврического губернского правления насчет не дозволе...

Доступно только в Электронных читальных залах Найти на картеНа карте
RUSMARC
00003818nmc2a22000003x 450
001305d3741-c1f3-4a1f-9182-b3b5a486071a
00520180331005333.0
100##$a20160201l18411842k l0rusy0189 ca
1010#$arus
102##$aRU
2001#$aДело по указу Правительствующего Сената о доставлении заключения по рапорту Таврического губернского правления насчет не дозволения еврею Бродеру временного пребывания в Севастополе местным начальством
$j11 февраля 1841 г. - 3 июня 1842 г.
251##$cДело
300##$aДело
801#0$aRU
$bРГИА
$c20160201
$gRCR
801#1$aRU
$bГлавНИВЦ
$c20160201
$2rusmarc
801#2$aRU
$bПБ им. Б.Н. Ельцина
$c20180331
$gRCR
$2rusmarc
850##$aРГИА
852##$aРГИА
$eФедеральное казенное учреждение "Российский государственный исторический архив" (РГИА)
$j171
$lа
937##$hРГИА
$d12186213
$aASBIBLIO_SCAN
462#0$1001d84ca311-0ff2-4bc1-993d-58ba7069b925
$12001
$a1841-1843 гг. Дела Департамента полиции исполнительной МВД за 1841 г.
$1251
$cОпись
$1852
$j8
461#0$10013e300ed0-cd39-49af-8489-5ba5b90fa401
$12001
$aДепартамент полиции исполнительной МВД
$1251
$cФонд
$1852
$j1286
215##$a17 л.
$d36,5х26 см
371##$aДокумент не является опубликованным и широко распространяемым
105##$ay###
1222#$ad
035##$a305d3741-c1f3-4a1f-9182-b3b5a486071a
856##$uhttp://readingroom.main.prlib.ru/item.aspx?id_node=n114308919&mode=full
Формат отображения